On business and work

Đã lưu trong:
Bibliografiske detaljer
Format: Bog
Sprog:Undetermined
Udgivet: Geneva International Labour Office 1993
Fag:
Tags: Tilføj Tag
Ingen Tags, Vær først til at tagge denne postø!
Thư viện lưu trữ: Trung tâm Học liệu Trường Đại học Cần Thơ
LEADER 00517nam a2200169Ia 4500
001 CTU_89139
008 210402s9999 xx 000 0 und d
082 |a 331 
082 |b O.58 
245 0 |a On business and work 
245 0 |c Joe Thurman ... [et al.]. 
260 |a Geneva 
260 |b International Labour Office 
260 |c 1993 
650 |a Quality of work life,Work environment.,Work design,Industrial management.,Labor unions 
904 |i Năm 
980 |a Trung tâm Học liệu Trường Đại học Cần Thơ